[Event "Hajduszoboszlo op 2nd"]
[Site "Hajduszoboszlo"]
[Date "2024.02.11"]
[Round "6"]
[White "Hegedus, Bernat"]
[Black "Juhasz, Mark"]
[Result "0-1"]
[WhiteElo "1772"]
[BlackElo "1976"]
[PlyCount "50"]
[EventDate "2024.02.08"]
[EventType "swiss"]
[EventRounds "7"]
[EventCountry "HUN"]
[SourceTitle "CB08_2024"]
[SourceDate "2024.02.21"]
[SourceVersion "1"]
[SourceVersionDate "2024.02.21"]
[SourceQuality "1"]

1. d4 Nf6 2. c4 e6 3. Nc3 Bb4 4. e3 0-0 5. Bd2 d5 6. a3 Be7 7. Bd3 b6 8. Nf3 Bb7 9. 0-0 Nbd7 10. b4 c5 11. dxc5 bxc5 12. b5 d4 13. exd4 cxd4 14. Na4 e5 15. Bf5 Qc7 16. Qe2 Rfe8 17. Rfc1 Nc5 18. Nxc5 Bxc5 19. Bb4 e4 20. Nd2 d3 21. Qd1 Bxf2+ 22. Kxf2 Qxh2 23. Bc5 e3+ 24. Bxe3 Qxg2+ 25. Ke1 Rxe3+ 0-1

[Event "Budapest FS04 Nadassy"]
[Site "Budapest"]
[Date "2023.04.10"]
[Round "9"]
[White "Juhasz, Mark"]
[Black "Grapsa, Georgia"]
[Result "1/2-1/2"]
[WhiteElo "2089"]
[BlackElo "1971"]
[PlyCount "32"]
[EventDate "2023.04.01"]
[EventType "schev"]
[EventRounds "12"]
[EventCountry "HUN"]
[SourceTitle "EXT 2024"]
[Source "ChessBase"]
[SourceDate "2023.10.10"]
[SourceVersion "1"]
[SourceVersionDate "2023.10.10"]
[SourceQuality "1"]
[WhiteTeam "Team Higher Elo	"]
[BlackTeam "Team Lower Elo"]
[WhiteTeamCountry "HUN"]
[BlackTeamCountry "HUN"]

1. c4 g6 2. Nc3 Bg7 3. g3 d6 4. Bg2 Nf6 5. d4 0-0 6. Nf3 c6 7. 0-0 Qb6 8. e3 Re8 9. b3 e5 10. Bb2 Qc7 11. Nd2 a5 12. Qc2 Bf5 13. Qd1 Bg4 14. Qc2 Bf5 15. Qd1 Bg4 16. Qc2 Bf5 1/2-1/2

[Event "Budapest FS04 Nadassy"]
[Site "Budapest"]
[Date "2023.04.05"]
[Round "5"]
[White "Xu, Gordon"]
[Black "Juhasz, Mark"]
[Result "1/2-1/2"]
[WhiteElo "1869"]
[BlackElo "2089"]
[PlyCount "46"]
[EventDate "2023.04.01"]
[EventType "schev"]
[EventRounds "12"]
[EventCountry "HUN"]
[SourceTitle "EXT 2024"]
[Source "ChessBase"]
[SourceDate "2023.10.10"]
[SourceVersion "1"]
[SourceVersionDate "2023.10.10"]
[SourceQuality "1"]
[WhiteTeam "Team Lower Elo"]
[BlackTeam "Team Higher Elo	"]
[WhiteTeamCountry "HUN"]
[BlackTeamCountry "HUN"]

1. e4 c5 2. Nf3 d6 3. Bb5+ Nd7 4. Ba4 a6 5. c4 g6 6. 0-0 Bg7 7. Nc3 Ngf6 8. d3 0-0 9. Bd2 Rb8 10. Rb1 Nb6 11. Bc2 Na8 12. b4 Nc7 13. a4 Bg4 14. h3 Bxf3 15. Qxf3 Ne6 16. Qd1 Nd4 17. b5 e6 18. f4 a5 19. Ne2 Nd7 20. Nc3 Nf6 21. Ne2 Nd7 22. Nc3 Nf6 23. Ne2 Nd7 1/2-1/2

[Event "Budapest Vezerkepzo GM-A 03"]
[Site "Budapest"]
[Date "2023.03.22"]
[Round "7"]
[White "Ongut, Tamas Gunes"]
[Black "Juhasz, Mark"]
[Result "0-1"]
[WhiteElo "2317"]
[BlackElo "2094"]
[PlyCount "44"]
[EventDate "2023.03.16"]
[EventType "tourn"]
[EventRounds "9"]
[EventCountry "HUN"]
[EventCategory "6"]
[SourceTitle "CBM 213 Extra"]
[Source "ChessBase"]
[SourceDate "2023.05.31"]
[SourceVersion "1"]
[SourceVersionDate "2023.05.31"]
[SourceQuality "1"]

1. d4 d5 2. Nf3 Nf6 3. Bf4 e6 4. e3 Bd6 5. Nbd2 0-0 6. c3 c5 7. Bg3 Qc7 8. Bd3 Nbd7 9. e4 dxe4 10. Nxe4 Nxe4 11. Bxe4 Nf6 12. Bc2 cxd4 13. Qxd4 e5 14. Nxe5 Re8 15. f4 Bg4 16. Bb3 Rad8 17. Qe3 Bc5 18. Qc1 Rd3 19. Bc4 Rxg3 20. hxg3 Rxe5+ 21. fxe5 Qxe5+ 22. Kf1 Ne4 0-1

[Event "Budapest Vezerkepzo GM-A 03"]
[Site "Budapest"]
[Date "2023.03.18"]
[Round "3"]
[White "Laddha, Shubh Jayesh"]
[Black "Juhasz, Mark"]
[Result "1/2-1/2"]
[WhiteElo "2422"]
[BlackElo "2094"]
[PlyCount "46"]
[EventDate "2023.03.16"]
[EventType "tourn"]
[EventRounds "9"]
[EventCountry "HUN"]
[EventCategory "6"]
[SourceTitle "CBM 213 Extra"]
[Source "ChessBase"]
[SourceDate "2023.05.31"]
[SourceVersion "1"]
[SourceVersionDate "2023.05.31"]
[SourceQuality "1"]

1. e4 c5 2. Nf3 Nc6 3. Bb5 g6 4. Bxc6 dxc6 5. d3 Bg7 6. h3 Qc7 7. 0-0 e5 8. Be3 b6 9. Nbd2 Ne7 10. a3 0-0 11. b4 cxb4 12. axb4 Be6 13. Ra6 Rad8 14. Qa1 Nc8 15. d4 exd4 16. Bxd4 Bxd4 17. Nxd4 Qe5 18. c3 Bxh3 19. f4 Qh5 20. gxh3 c5 21. bxc5 bxc5 22. N4f3 Qxh3 23. Rf2 Qg4+ 1/2-1/2

[Event "Budapest Vezerkepzo GM-A 03"]
[Site "Budapest"]
[Date "2023.03.17"]
[Round "2"]
[White "Juhasz, Mark"]
[Black "Pap, Misa"]
[Result "0-1"]
[WhiteElo "2094"]
[BlackElo "2403"]
[PlyCount "60"]
[EventDate "2023.03.16"]
[EventType "tourn"]
[EventRounds "9"]
[EventCountry "HUN"]
[EventCategory "6"]
[SourceTitle "CBM 213 Extra"]
[Source "ChessBase"]
[SourceDate "2023.05.31"]
[SourceVersion "1"]
[SourceVersionDate "2023.05.31"]
[SourceQuality "1"]

1. d4 f5 2. c4 Nf6 3. g3 g6 4. Bg2 Bg7 5. Nf3 0-0 6. Nc3 d6 7. 0-0 c6 8. d5 e5 9. dxe6 Bxe6 10. b3 Na6 11. Ng5 Bc8 12. Bb2 Qe7 13. Qc2 h6 14. Nf3 Nc5 15. Rad1 a5 16. Nh4 Kh7 17. e3 Nfe4 18. Ne2 Bxb2 19. Qxb2 Be6 20. Nd4 Bg8 21. Qc2 Be6 22. Nxe6 Qxe6 23. Rd4 Rae8 24. Rfd1 Rf6 25. Re1 Qe7 26. Nf3 Re6 27. Re2 Qf6 28. Nd2 Ng5 29. h4 Nge4 30. a3 Nxg3 0-1

[Event "Budapest Vezerkepzo FM 5th"]
[Site "Budapest"]
[Date "2021.05.31"]
[Round "10.1"]
[White "Daroczi, Donat"]
[Black "Juhasz, Mark"]
[Result "0-1"]
[WhiteElo "2067"]
[BlackElo "2182"]
[PlyCount "170"]
[EventDate "2021.05.22"]
[EventType "schev"]
[EventRounds "10"]
[EventCountry "HUN"]
[SourceTitle "EXT 2022"]
[Source "ChessBase"]
[SourceDate "2021.10.06"]
[SourceVersion "1"]
[SourceVersionDate "2021.10.06"]
[SourceQuality "1"]
[WhiteTeam "Youth"]
[BlackTeam "Adults"]
[WhiteTeamCountry "HUN"]
[BlackTeamCountry "HUN"]

1. e4 c5 2. Nf3 d6 3. d4 cxd4 4. Nxd4 Nf6 5. Nc3 a6 6. Bg5 e6 7. f4 Be7 8. Qf3 Nbd7 9. 0-0-0 Qc7 10. g4 b5 11. Bxf6 Bxf6 12. Bxb5 0-0 13. Bxd7 Bxd7 14. g5 Be7 15. h4 Rab8 16. Rd3 Rb4 17. Nde2 Rc8 18. Rd4 a5 19. Qd3 Qb7 20. Nd1 Bb5 21. Qe3 d5 22. a3 Rxd4 23. Nxd4 Bc5 24. Qd2 dxe4 25. Nxb5 e3 26. Qe1 Qxb5 27. Nxe3 Qc6 28. Nc4 Bf2 29. Qf1 Qxc4 30. Qxf2 Qa2 31. Qf3 Qa1+ 32. Kd2 Rd8+ 33. Kc3 Rc8+ 34. Kd2 Qxb2 35. Qd3 Qb6 36. Kc1 Rd8 37. Qc4 Rb8 38. Re1 Qb2+ 39. Kd2 Qxa3 40. Re3 Qf8 41. h5 Rc8 42. Qe4 Qc5 43. h6 Qc6 44. Qxc6 Rxc6 45. Ra3 Rc5 46. Rb3 gxh6 47. gxh6 Kf8 48. Rb8+ Ke7 49. Rh8 Rc4 50. f5 e5 51. Rxh7 Kf6 52. Rh8 Rh4 53. h7 Kxf5 54. c4 Kg6 55. Re8 Kxh7 56. Rxe5 Rxc4 57. Rxa5 Re4 58. Rg5 Kh6 59. Rg3 Kh5 60. Kd3 f5 61. Rg8 Kh4 62. Rg7 Kh3 63. Rg5 Re5 64. Kd4 Kh4 65. Rg8 Re7 66. Kd3 f4 67. Kd2 f3 68. Rg6 Kh3 69. Rg8 f2 70. Rh8+ Kg2 71. Rg8+ Kf1 72. Rf8 Re5 73. Rf7 Kg2 74. Rg7+ Kf3 75. Rf7+ Kg3 76. Rg7+ Kf3 77. Rf7+ Kg2 78. Rg7+ Kf1 79. Rf7 Rh5 80. Ra7 Rf5 81. Rg7 Rd5+ 82. Kc2 Ke2 83. Re7+ Kf3 84. Rf7+ Ke3 85. Re7+ Kf4 0-1

[Event "Budapest FS05 Nadassy"]
[Site "Budapest"]
[Date "2021.05.10"]
[Round "9.1"]
[White "Juhasz, Mark"]
[Black "Gergely, Daniel"]
[Result "1/2-1/2"]
[WhiteElo "2182"]
[BlackElo "1731"]
[PlyCount "52"]
[EventDate "2021.05.01"]
[EventType "schev"]
[EventRounds "10"]
[EventCountry "HUN"]
[SourceTitle "CBM 202 Extra"]
[Source "ChessBase"]
[SourceDate "2021.07.31"]
[SourceVersion "1"]
[SourceVersionDate "2021.07.31"]
[SourceQuality "1"]
[WhiteTeam "Stronger Row"]
[BlackTeam "Weaker Row"]
[WhiteTeamCountry "HUN"]
[BlackTeamCountry "HUN"]

1. d4 d5 2. c4 c6 3. Nc3 dxc4 4. e3 b5 5. a4 b4 6. Ne4 Ba6 7. Nc5 e6 8. Nxa6 Nxa6 9. Bxc4 Nc7 10. a5 Nf6 11. Nf3 Bd6 12. Qa4 Qd7 13. Ne5 Bxe5 14. dxe5 Nfd5 15. e4 Ne7 16. Qxb4 Qd4 17. 0-0 Qxe4 18. Qc5 Ncd5 19. Bg5 f6 20. Rfe1 Qf5 21. exf6 gxf6 22. Bh4 Kf7 23. Ra3 Rhg8 24. Bg3 h5 25. Rf3 Qg4 26. h3 Qg6 1/2-1/2

[Event "Budapest FS05 Nadassy"]
[Site "Budapest"]
[Date "2021.05.07"]
[Round "6.1"]
[White "Toth, Nikoletta"]
[Black "Juhasz, Mark"]
[Result "1-0"]
[WhiteElo "1915"]
[BlackElo "2182"]
[PlyCount "69"]
[EventDate "2021.05.01"]
[EventType "schev"]
[EventRounds "10"]
[EventCountry "HUN"]
[SourceTitle "CBM 202 Extra"]
[Source "ChessBase"]
[SourceDate "2021.07.31"]
[SourceVersion "1"]
[SourceVersionDate "2021.07.31"]
[SourceQuality "1"]
[WhiteTeam "Weaker Row"]
[BlackTeam "Stronger Row"]
[WhiteTeamCountry "HUN"]
[BlackTeamCountry "HUN"]

1. Nf3 Nf6 2. g3 g6 3. b3 Bg7 4. Bb2 0-0 5. Bg2 d6 6. d4 c6 7. 0-0 Qa5 8. Nbd2 Qh5 9. h4 Bg4 10. Re1 Nbd7 11. c4 Qa5 12. e4 e5 13. Qc2 Rfe8 14. a3 Rad8 15. b4 Qc7 16. c5 exd4 17. cxd6 Qxd6 18. Bxd4 Nh5 19. Nc4 Qc7 20. Bxg7 Nxg7 21. Nh2 Be6 22. Rad1 Bxc4 23. Qxc4 Ne5 24. Qe2 Ne6 25. Ng4 Kg7 26. Qb2 f6 27. Nxf6 Kxf6 28. f4 Qb6+ 29. Kh2 Nd4 30. fxe5+ Kxe5 31. Qc1 Ne6 32. Qb2+ Rd4 33. Bh3 c5 34. Bxe6 Kxe6 35. Qc1 1-0

[Event "Budapest FS05 Nadassy"]
[Site "Budapest"]
[Date "2021.05.02"]
[Round "2.1"]
[White "Csontos, Aron"]
[Black "Juhasz, Mark"]
[Result "0-1"]
[WhiteElo "1809"]
[BlackElo "2182"]
[PlyCount "102"]
[EventDate "2021.05.01"]
[EventType "schev"]
[EventRounds "10"]
[EventCountry "HUN"]
[SourceTitle "CBM 202 Extra"]
[Source "ChessBase"]
[SourceDate "2021.07.31"]
[SourceVersion "1"]
[SourceVersionDate "2021.07.31"]
[SourceQuality "1"]
[WhiteTeam "Weaker Row"]
[BlackTeam "Stronger Row"]
[WhiteTeamCountry "HUN"]
[BlackTeamCountry "HUN"]

1. e4 c5 2. c3 d5 3. exd5 Qxd5 4. d4 Nc6 5. dxc5 Qxd1+ 6. Kxd1 e5 7. b4 a5 8. b5 Nd8 9. Be3 Nf6 10. Nf3 Ng4 11. Bc4 Nxe3+ 12. fxe3 f6 13. h3 Be6 14. Bxe6 Nxe6 15. Ke2 Nxc5 16. Nbd2 Na4 17. Rac1 Rc8 18. c4 Bb4 19. Nb1 Ke7 20. a3 Bd6 21. Nfd2 Nb6 22. Rc2 Rc7 23. Rhc1 Rhc8 24. Kd3 Rd7 25. Ke2 Rdc7 26. Kd3 f5 27. e4 g6 28. g4 f4 29. Nb3 Na4 30. Ra2 Rd7 31. Ke2 Rdc7 32. Nxa5 Bc5 33. Nd2 Bd4 34. Rac2 Bb2 35. Rb1 Nc3+ 36. Kf3 Nxb1 37. Rxb2 Nxd2+ 38. Rxd2 Ra8 39. b6 Rd7 40. Rxd7+ Kxd7 41. Nxb7 Rxa3+ 42. Kg2 Ra2+ 43. Kg1 Kc6 44. Nd8+ Kxb6 45. Nf7 Kc5 46. Nxe5 Kd4 47. Nf3+ Kxe4 48. Ng5+ Ke3 49. c5 f3 50. c6 f2+ 51. Kf1 Ra1+ 0-1

[Event "Budapest FS12 Nadassy"]
[Site "Budapest"]
[Date "2019.12.17"]
[Round "10.4"]
[White "Berenyi, Lajos"]
[Black "Juhasz, Mark"]
[Result "0-1"]
[WhiteElo "1758"]
[BlackElo "2110"]
[PlyCount "80"]
[EventDate "2019.12.07"]
[EventType "team-schev"]
[EventRounds "12"]
[EventCountry "HUN"]
[SourceTitle "CBM 193 Extra"]
[Source "ChessBase"]
[SourceDate "2020.01.31"]
[SourceVersion "1"]
[SourceVersionDate "2020.01.31"]
[SourceQuality "1"]
[WhiteTeam "B Team Lower Elo"]
[BlackTeam "A Team Higher Elo"]
[WhiteTeamCountry "HUN"]
[BlackTeamCountry "HUN"]

1. e4 d6 2. d4 Nf6 3. Nc3 c6 4. Nf3 Bg4 5. Be2 e6 6. 0-0 Be7 7. Re1 0-0 8. e5 dxe5 9. Nxe5 Bxe2 10. Rxe2 Nbd7 11. Bg5 h6 12. Bh4 Nd5 13. Bxe7 Qxe7 14. Ne4 Nf4 15. Re1 Rad8 16. Qf3 Nxe5 17. Qxf4 Nc4 18. b3 Na3 19. Rac1 Rxd4 20. Qe3 Rfd8 21. c3 Rd3 22. Qxa7 Nb5 23. Qc5 Qh4 24. g3 Qh3 25. Qb6 R8d5 26. f4 Rd2 27. Nf2 Qh5 28. a4 Nd6 29. Qd8+ Kh7 30. g4 Qg6 31. Qh4 Rb2 32. Rcd1 Rxb3 33. Rxd5 cxd5 34. Qd8 Ne4 35. Nxe4 dxe4 36. h3 Rxc3 37. Qh4 e3 38. Qg3 Qc2 39. h4 Qxa4 40. Rxe3 Qd4 0-1

[Event "Budapest FS02 IM"]
[Site "Budapest"]
[Date "2018.02.13"]
[Round "9"]
[White "Juhasz, Mark"]
[Black "Farago, Sandor"]
[Result "0-1"]
[WhiteElo "2176"]
[BlackElo "2203"]
[PlyCount "90"]
[EventDate "2018.02.03"]
[EventType "tourn"]
[EventRounds "9"]
[EventCountry "HUN"]
[EventCategory "1"]
[SourceTitle "CBM 182 Extra"]
[Source "ChessBase"]
[SourceDate "2018.02.23"]
[SourceVersion "1"]
[SourceVersionDate "2018.02.23"]
[SourceQuality "1"]

1. d4 Nf6 2. c4 g6 3. g3 Bg7 4. Bg2 d6 5. Nf3 0-0 6. 0-0 Nbd7 7. Nc3 e5 8. e4 exd4 9. Nxd4 Re8 10. h3 a6 11. Be3 Ne5 12. b3 c5 13. Nde2 Rb8 14. a4 Qc7 15. Ra2 Be6 16. g4 Nc6 17. Rd2 Rbd8 18. Bf4 Qa5 19. Qc2 h5 20. g5 Nh7 21. Rc1 Rd7 22. h4 Qd8 23. Rcd1 Ne5 24. Bxe5 Bxe5 25. f4 Bxc3 26. Nxc3 Bg4 27. Rf1 Qa5 28. Bf3 Bxf3 29. Rxf3 b5 30. cxb5 axb5 31. Nxb5 Red8 32. Qc3 Qb6 33. Kg2 d5 34. Rdf2 d4 35. Qc4 Qc6 36. b4 d3 37. Qxc5 Qxc5 38. bxc5 d2 39. Nc3 d1Q 40. Nxd1 Rxd1 41. Ra3 Ra8 42. c6 Rdd8 43. c7 Rdc8 44. Rd2 Kg7 45. Rc3 Ra7 0-1

[Event "Budapest FS02 IM"]
[Site "Budapest"]
[Date "2018.02.10"]
[Round "7"]
[White "Juhasz, Mark"]
[Black "Nguyen, Van Thanh"]
[Result "0-1"]
[WhiteElo "2176"]
[BlackElo "2312"]
[PlyCount "136"]
[EventDate "2018.02.03"]
[EventType "tourn"]
[EventRounds "9"]
[EventCountry "HUN"]
[EventCategory "1"]
[SourceTitle "CBM 182 Extra"]
[Source "ChessBase"]
[SourceDate "2018.02.23"]
[SourceVersion "1"]
[SourceVersionDate "2018.02.23"]
[SourceQuality "1"]

1. d4 d5 2. Bf4 Nf6 3. e3 c5 4. c3 Qb6 5. Qb3 c4 6. Qxb6 axb6 7. Nd2 b5 8. a3 Nc6 9. Rc1 Bf5 10. Ngf3 h6 11. Be2 e6 12. 0-0 Nd7 13. Bd1 Bd3 14. Re1 f5 15. Bc2 Bxc2 16. Rxc2 g5 17. Bg3 Bg7 18. Rf1 0-0 19. Bd6 Rfe8 20. Ne1 Ra6 21. Bb4 Kf7 22. g3 Kg6 23. f4 g4 24. Nb1 h5 25. Rg2 Nb6 26. Rd2 Na4 27. Ng2 Bf6 28. Nh4+ Kf7 29. Kf2 Nb8 30. Rg1 Nd7 31. Rc2 Rc6 32. Nd2 Ra8 33. Rg2 Bd8 34. Rg1 Nf6 35. Rf1 Ng8 36. Rg1 Nh6 37. Rg2 Bf6 38. Rg1 Kg7 39. Rg2 Nf7 40. Rg1 Rh8 41. Nf1 Rh7 42. Nd2 Nh8 43. Nf1 Kf7 44. Nd2 Ng6 45. Nxg6 Kxg6 46. Nf1 Kf7 47. Ke1 Ke8 48. Kd1 Kd7 49. Ba5 Rc8 50. Bb4 Rch8 51. Kc1 h4 52. Rcg2 hxg3 53. hxg3 Kc6 54. Kc2 Nb6 55. Kc1 Nd7 56. Kc2 Rh1 57. Kc1 Rxg1 58. Rxg1 Bd8 59. Kd2 Nf6 60. Ke2 Ne4 61. Ke1 Rh3 62. Ke2 Kd7 63. Ke1 Bc7 64. Ke2 Bd6 65. Ba5 Be7 66. Ke1 Kc6 67. Ke2 Rh8 68. Ke1 Ra8 0-1

[Event "Budapest FS02 IM"]
[Site "Budapest"]
[Date "2018.02.04"]
[Round "2"]
[White "Rodgaard, John"]
[Black "Juhasz, Mark"]
[Result "1/2-1/2"]
[WhiteElo "2320"]
[BlackElo "2176"]
[PlyCount "81"]
[EventDate "2018.02.03"]
[EventType "tourn"]
[EventRounds "9"]
[EventCountry "HUN"]
[EventCategory "1"]
[SourceTitle "CBM 182 Extra"]
[Source "ChessBase"]
[SourceDate "2018.02.23"]
[SourceVersion "1"]
[SourceVersionDate "2018.02.23"]
[SourceQuality "1"]

1. Nf3 Nf6 2. c4 g6 3. Nc3 c5 4. d4 cxd4 5. Nxd4 Nc6 6. e4 Bg7 7. Be3 Ng4 8. Qxg4 Nxd4 9. Qd1 Ne6 10. Qd2 Qa5 11. Rc1 g5 12. b3 b6 13. Be2 Bb7 14. h4 Bxc3 15. Qxc3 Qxc3+ 16. Rxc3 Bxe4 17. f3 Bc6 18. hxg5 0-0-0 19. Kf2 Rdg8 20. Rh5 Rg7 21. g4 Rf8 22. Kg3 f6 23. gxf6 Rxf6 24. f4 Rgf7 25. f5 Nc5 26. Bxc5 bxc5 27. Re3 Rd6 28. Rd3 Rdf6 29. Re3 Rd6 30. Bd3 h6 31. Rh2 Kd8 32. Be2 Rdf6 33. Bd1 Rg7 34. Bc2 d6 35. Kh4 Bd7 36. Rf2 a5 37. Be4 e6 38. Ref3 Rg5 39. fxe6 Rxe6 40. Bf5 Re7 41. Rd2 1/2-1/2

[Event "Budapest FS02 IM"]
[Site "Budapest"]
[Date "2018.02.03"]
[Round "1"]
[White "Lyell, Mark"]
[Black "Juhasz, Mark"]
[Result "1-0"]
[WhiteElo "2296"]
[BlackElo "2176"]
[PlyCount "59"]
[EventDate "2018.02.03"]
[EventType "tourn"]
[EventRounds "9"]
[EventCountry "HUN"]
[EventCategory "1"]
[SourceTitle "CBM 182 Extra"]
[Source "ChessBase"]
[SourceDate "2018.02.23"]
[SourceVersion "1"]
[SourceVersionDate "2018.02.23"]
[SourceQuality "1"]

1. e4 d6 2. Nc3 e5 3. Bc4 Nf6 4. d3 Nc6 5. f4 Bg4 6. Nf3 exf4 7. Bxf4 Ne5 8. Bxe5 dxe5 9. Bxf7+ Ke7 10. Bb3 c6 11. 0-0 Kd6 12. Qe1 Bxf3 13. Rxf3 Kc7 14. Qg3 Bc5+ 15. Kh1 Qe7 16. Raf1 Rae8 17. Nd1 Rhf8 18. Qh4 Qd7 19. Qe1 b5 20. a4 a6 21. Ne3 Kb7 22. Nf5 Nh5 23. Qc3 Bd4 24. Nxd4 exd4 25. Qc5 Rxf3 26. Rxf3 Nf6 27. Rf1 Qd8 28. e5 Nd7 29. Rf7 Kb8 30. Qd6+ 1-0

[Event "Budapest Karacsonyi op"]
[Site "Budapest"]
[Date "2017.12.28"]
[Round "3"]
[White "Juhasz, Mark"]
[Black "Pogany, Zsombor"]
[Result "1/2-1/2"]
[WhiteElo "2227"]
[BlackElo "1976"]
[PlyCount "38"]
[EventDate "2017.12.27"]
[EventType "swiss"]
[EventRounds "7"]
[EventCountry "HUN"]
[SourceTitle "CBM 182 Extra"]
[Source "ChessBase"]
[SourceDate "2018.02.23"]
[SourceVersion "1"]
[SourceVersionDate "2018.02.23"]
[SourceQuality "1"]

1. c4 c5 2. g3 Nf6 3. Bg2 Nc6 4. Nc3 g6 5. a3 Bg7 6. Rb1 a5 7. e3 d6 8. Nge2 0-0 9. 0-0 e5 10. d4 cxd4 11. exd4 Bf5 12. Ra1 Qb6 13. d5 Nb8 14. Be3 Qa6 15. Nb5 Rc8 16. h3 Nbd7 17. g4 Be4 18. f3 Bc2 19. Qd2 Bb3 1/2-1/2